Groups of 9 - Part 1 (Geography) - Statistics

General Stats
  • This quiz has been taken 144 times
  • The average score is 18 of 27
Answer Stats
Hint Answer % Correct
9 Capital Cities starting with the letter D Dublin
95%
9 Capital Cities starting with the letter D Doha
91%
9 Countries starting with the letter E Ecuador
91%
9 Countries starting with the letter E Eritrea
91%
9 Countries starting with the letter E Estonia
91%
9 Countries starting with the letter E Ethiopia
91%
9 Capital Cities starting with the letter D Djibouti
86%
9 Capital Cities starting with the letter D Damascus
85%
9 Capital Cities starting with the letter D Dhaka
82%
9 Countries starting with the letter E East Timor
82%
9 Countries starting with the letter E El Salvador
82%
9 Countries starting with the letter E Eswatini
82%
9 Countries starting with the letter E Equatorial Guinea
78%
9 Capital Cities starting with the letter D Dakar
76%
9 Countries starting with the letter E Egypt
76%
9 Capital Cities starting with the letter D Dili
64%
9 Capital Cities starting with the letter D Dushanbe
60%
9 Airlines with more than 5 active A380s Lufthansa
59%
9 Airlines with more than 5 active A380s British Airways
58%
9 Capital Cities starting with the letter D Dodoma
53%
9 Airlines with more than 5 active A380s Qantas
53%
9 Airlines with more than 5 active A380s Emirates
52%
9 Airlines with more than 5 active A380s Qatar Airways
35%
9 Airlines with more than 5 active A380s Singapore Airlines
32%
9 Airlines with more than 5 active A380s Etihad Airways
14%
9 Airlines with more than 5 active A380s Korean Air
9%
9 Airlines with more than 5 active A380s Asiana Airlines
3%
No matching quizzes found
Score Distribution
Percent of People with Each Score
Percentile by Number Answered
Your Score History
You have not taken this quiz